[Event "Pardubice op"]
[Site "Pardubice"]
[Date "1992.??.??"]
[Round "7"]
[White "Tunik, Gennady"]
[Black "Neverov, Valeriy"]
[Result "0-1"]
[WhiteElo "2480"]
[BlackElo "2490"]

1.d4 Nf6 2.c4 g6 3.Nc3 d5 4.cxd5 Nxd5 5.e4 Nxc3 6.bxc3 Bg7 7.Be3 c5 8.Qd2 cxd4
9.cxd4 Nc6 10.Rd1 O-O 11.Be2 e5 12.d5 Nd4 13.Nf3 Nxe2 14.Qxe2 Qa5+ 15.Bd2 Qxa2
16.O-O Qa4 17.Ra1 Qd7 18.Bb4 Re8 19.Rfc1 b6 20.d6 a5 21.Rc7 Qe6 22.Qe3 Bd7
23.Ng5 Qf6 24.Rxd7 axb4 25.Rxa8 Rxa8 26.h4 Bh6 27.Qxb6 Bxg5 28.hxg5 Ra1+
29.Kh2 Qf4+ 30.g3 Qf3 31.Qd8+ Kg7 32.Qf6+ Qxf6 33.gxf6+ Kxf6 34.Rb7 Rb1 35.g4 h6
36.d7 Ke7 37.d8=Q+ Kxd8 38.Rxf7 b3 39.Rb7 b2 40.Kg2 Kc8 41.Rb4 h5 42.gxh5 gxh5
43.Kf3 h4 44.Kg2 Kc7 45.Kh2 Kc6 46.Rb8 Kc5 47.Kg2 Kd4 48.Rb3 Kxe4 49.Re3+ Kd4
50.Rb3 h3+ 51.Kh2 Kc4 52.Rb7 Kd3 53.Rb5 Kc3  0-1

[Event "Pardubice op"]
[Site "Pardubice"]
[Date "1992.??.??"]
[Round "8"]
[White "Janocha, Wieslaw"]
[Black "Pribyl, Josef"]
[Result "0-1"]
[WhiteElo "2305"]
[BlackElo "2430"]

1.d4 Nf6 2.c4 g6 3.Nc3 d5 4.cxd5 Nxd5 5.e4 Nxc3 6.bxc3 Bg7 7.Bb5+ c6 8.Ba4 b5
9.Bb3 a5 10.Nf3 a4 11.Bc2 O-O 12.O-O Nd7 13.Rb1 Nb6 14.Bd3 Be6 15.d5 cxd5
16.Rxb5 dxe4 17.Bxe4 Bc4 18.Qxd8 Raxd8 19.Rxb6 Bxf1 20.Ba3 Bd3 21.Bc6 Rb8
22.Rxb8 Rxb8 23.Bb4 a3 24.h3 e6 25.Ne1 Bb1 26.Bxa3 Bxc3 27.Nf3 Bxa2  0-1

[Event "Pardubice op"]
[Site "Pardubice"]
[Date "1992.??.??"]
[Round "8"]
[White "Sorokin, Maxim"]
[Black "Piesina, Gintautas"]
[Result "1-0"]
[WhiteElo "2550"]
[BlackElo "2415"]

1.d4 Nf6 2.c4 g6 3.Nc3 d5 4.cxd5 Nxd5 5.e4 Nxc3 6.bxc3 Bg7 7.Be3 O-O 8.Qd2 c5
9.Nf3 Nd7 10.Rc1 e5 11.dxe5 Qc7 12.Bc4 Nb6 13.Bb3 Rd8 14.Qe2 Bg4 15.e6 fxe6
16.h3 Bxf3 17.Bxe6+ Kh8 18.Qxf3 Qc6 19.Bb3 Rf8 20.Qg4 Rae8 21.f3 c4 22.Bd1 Nd5
23.Bd4 Bxd4 24.cxd4 Qb6 25.Qg5 Qxd4 26.Qd2 Qc5 27.Bc2 Ne3 28.Qf2 Rd8 29.Ke2 Qg5
30.h4 Nxg2 31.hxg5  1-0

[Event "Pardubice op"]
[Site "Pardubice"]
[Date "1992.??.??"]
[Round "9"]
[White "Tunik, Gennady"]
[Black "Pribyl, Martin"]
[Result "1-0"]
[WhiteElo "2480"]
[BlackElo "2260"]

1.d4 Nf6 2.c4 g6 3.Nc3 d5 4.cxd5 Nxd5 5.e4 Nxc3 6.bxc3 Bg7 7.Qa4+ c6 8.Nf3 O-O
9.Be2 b5 10.Qa3 Nd7 11.O-O Nb6 12.Bg5 f6 13.Qb3+ Kh8 14.Be3 Qd6 15.Nd2 Be6
16.Qc2 f5 17.f3 Bg8 18.Kh1 e5 19.Rad1 Qe6 20.Nb3 Nc4 21.Bg1 fxe4 22.fxe4 Rxf1
23.Bxf1 Qe7 24.Nc5 Re8 25.a4 a6 26.d5 cxd5 27.exd5 e4 28.Bxc4 bxc4 29.d6 Qf7
30.d7 Rd8 31.Qxe4 h5 32.Qc6 Bf6 33.Rf1 Kg7 34.Rxf6  1-0

[Event "Pardubice op"]
[Site "Pardubice"]
[Date "1992.??.??"]
[Round "9"]
[White "Pribyl, Josef"]
[Black "Smejkal, Jan"]
[Result "1/2-1/2"]
[WhiteElo "2430"]
[BlackElo "2525"]

1.d4 Nf6 2.c4 g6 3.Nc3 d5 4.cxd5 Nxd5 5.e4 Nxc3 6.bxc3 Bg7 7.Bb5+ c6 8.Ba4 O-O
9.Ne2 e5 10.O-O Nd7 11.Ba3 Re8 12.Bb3 Nb6 13.f4 exd4 14.f5 gxf5 15.Ng3 Qh4
16.cxd4 f4 17.Nh5 Bg4 18.Bxf7+ Kh8 19.Nxg7 Bxd1 20.Nxe8 Bh5 21.Nd6 Bxf7 22.Nxf7+ Kg8
23.Nd6 Qf6 24.Rad1  1/2-1/2

[Event "Paris-ch"]
[Site "Paris"]
[Date "1992.??.??"]
[Round "6"]
[White "Tourneur, Jean Francois"]
[Black "Patrat, Alexandre"]
[Result "0-1"]
[WhiteElo "2230"]
[BlackElo "2245"]

1.d4 Nf6 2.c4 g6 3.Nc3 d5 4.cxd5 Nxd5 5.e4 Nxc3 6.bxc3 Bg7 7.Bc4 O-O 8.Ne2 c5
9.Be3 Nc6 10.Rc1 Bg4 11.f3 Na5 12.Bd3 Bd7 13.O-O Rc8 14.Qd2 a6 15.Nf4 b5
16.dxc5 Nb7 17.Qf2 e6 18.Ne2 Qe7 19.c6 Bxc6 20.f4 Rfd8 21.Bb1 Nd6 22.Bb6 Re8
23.Ng3 Qb7 24.e5 Nc4 25.Bd4 b4 26.cxb4 Qxb4 27.Be4 Bb5 28.Rfd1 Bf8 29.Rb1 Qa5
30.Bb7 Rc7 31.Bf3 Rd7 32.Ne4 Be7 33.Bc5 Bd8 34.Rxd7 Bxd7 35.Rd1 Bb5 36.Rxd8 Qxd8
37.Nf6+ Kg7 38.Qh4 Rh8 39.h3 Nd2 40.Bb7 h5 41.f5 Qd3 42.Be4 Nxe4 43.Nxe4 Qf1+
44.Kh2 Qxf5 45.Bd4 Rb8 46.Ng3 Qd3 47.Bb2 Bc6 48.Qf6+ Kg8  0-1

[Event "World op"]
[Site "Philadelphia"]
[Date "1992.??.??"]
[Round "5"]
[White "Browne, Walter S"]
[Black "Hellers, Ferdinand"]
[Result "1/2-1/2"]
[WhiteElo "2530"]
[BlackElo "2510"]

1.d4 Nf6 2.c4 g6 3.Nc3 d5 4.cxd5 Nxd5 5.e4 Nxc3 6.bxc3 Bg7 7.Bc4 c5 8.Ne2 Nc6
9.Be3 O-O 10.O-O Bg4 11.f3 Na5 12.Bd3 cxd4 13.cxd4 Be6 14.Qa4 a6 15.d5 b5
16.Qb4 Bxa1 17.Rxa1 f6 18.Bc5 Nc6 19.dxc6 Qxd3 20.Nd4 Qc4 21.Bxe7 Rf7 22.Bc5 Rc8
23.Qxc4 Bxc4 24.Bb6 f5 25.exf5 gxf5 26.a3 Rf6 27.Ba5 Rcxc6  1/2-1/2

[Event "World op"]
[Site "Philadelphia"]
[Date "1992.??.??"]
[Round "6"]
[White "Rao, Vivek"]
[Black "Kudrin, Sergey"]
[Result "1/2-1/2"]
[WhiteElo "2390"]
[BlackElo "2550"]

1.d4 Nf6 2.c4 g6 3.Nc3 d5 4.cxd5 Nxd5 5.e4 Nxc3 6.bxc3 Bg7 7.Bb5+ Bd7 8.Be2 c5
9.Nf3 Bg4 10.O-O cxd4 11.cxd4 Nc6 12.Rb1 Bxf3 13.Bxf3 Nxd4 14.Rxb7 O-O 15.Qa4 e6
16.Rxa7 Rxa7 17.Qxa7 Qa8 18.Qxa8  1/2-1/2

[Event "Philadelphia opI"]
[Site "Philadelphia"]
[Date "1992.??.??"]
[Round "9"]
[White "Browne, Walter S"]
[Black "Kudrin, Sergey"]
[Result "1/2-1/2"]
[WhiteElo "2530"]
[BlackElo "2550"]

1.d4 Nf6 2.c4 g6 3.Nc3 d5 4.cxd5 Nxd5 5.e4 Nxc3 6.bxc3 Bg7 7.Bc4 c5 8.Ne2 O-O
9.Be3 Nc6 10.Rc1 cxd4 11.cxd4 Qa5+ 12.Kf1 Qa3 13.Rc3 Qd6 14.f3 Na5 15.Bd3 Be6
16.Bf4 Qb4 17.Bd2 b6 18.Rc7 Qd6 19.Bf4 Qd8 20.d5 Bd7 21.Ba6 e6 22.dxe6 Bxe6
23.Qc2 Bc8 24.Bb5 a6 25.Bd3 b5 26.Kf2 Be6 27.Rd1 Qf6 28.e5 Qh4+ 29.Bg3 Qb4
30.Nf4 Rae8 31.Nxe6 Rxe6 32.f4 Bh6 33.Qc3 Qxc3 34.Rxc3 Rd8 35.Bc2 Rxd1 36.Bxd1 Rc6
37.Rxc6 Nxc6 38.Kf3 Bf8 39.Be1 a5 40.Ke4 Nb4 41.a3 Nc6 42.a4 bxa4 43.Bxa4 Bb4
44.Bh4 Be7 45.Be1 Bb4 46.Bf2 Nd8 47.Be3 Ne6 48.Kd5 h5 49.Bd7 Ng7 50.g3 Kf8
51.Ba4 Nf5 52.Bf2 Ke7 53.h3 Nh6 54.Bc2 Nf5 55.Ke4 Kf8 56.g4 hxg4 57.hxg4 Ng7
58.Kd5 Ke7 59.Bh4+ Kf8 60.f5 gxf5 61.gxf5 Bc3 62.Kd6 a4 63.Be7+ Kg8 64.Kd5 Bb2
65.Ke4 a3 66.Bb3 Bc1 67.Bh4 Bb2 68.Be7 Bc1 69.Bc5 Bb2 70.Kf4 Bc1+ 71.Kg4 Bb2
72.Bd6 Ne8 73.Bb8 Kf8 74.Kh5 Kg7 75.Kg5  1/2-1/2

[Event "BCF-ch"]
[Site "Plymouth"]
[Date "1992.??.??"]
[Round "2"]
[White "James, D."]
[Black "Norman, Kenneth I"]
[Result "1-0"]
[WhiteElo "2300"]
[BlackElo "2210"]

1.d4 Nf6 2.c4 g6 3.Nc3 d5 4.cxd5 Nxd5 5.e4 Nxc3 6.bxc3 Bg7 7.Bb5+ c6 8.Ba4 O-O
9.Ne2 c5 10.O-O a6 11.Be3 b5 12.Bb3 cxd4 13.cxd4 Bb7 14.d5 Bxa1 15.Qxa1 Re8
16.Rd1 Nd7 17.e5 Rc8 18.e6 Nc5 19.Bxc5 Rxc5 20.d6 f6 21.dxe7 Qb6 22.Qxf6 Rf5
23.Qf7+  1-0

[Event "BCF-ch"]
[Site "Plymouth"]
[Date "1992.??.??"]
[Round "4"]
[White "Tozer, Richard"]
[Black "Knox, David"]
[Result "1/2-1/2"]
[WhiteElo "2340"]
[BlackElo "2230"]

1.d4 Nf6 2.c4 g6 3.Nc3 d5 4.cxd5 Nxd5 5.e4 Nxc3 6.bxc3 Bg7 7.Bc4 c5 8.Ne2 Nc6
9.Be3 O-O 10.O-O Qc7 11.Rc1 Rd8 12.f4 Bg4 13.f5 cxd4 14.Bxf7+ Kxf7 15.Qb3+ Ke8
16.Nxd4 Bxd4 17.cxd4 Qd6 18.Qxb7 Nxd4 19.fxg6 hxg6 20.Bh6 Ne6  1/2-1/2

[Event "RUS-chT"]
[Site "Podolsk"]
[Date "1992.??.??"]
[Round "?"]
[White "Epishin, Vladimir"]
[Black "Polovodin, Igor A"]
[Result "1-0"]
[WhiteElo "2620"]
[BlackElo "2460"]

1.d4 Nf6 2.c4 g6 3.Nc3 d5 4.cxd5 Nxd5 5.e4 Nxc3 6.bxc3 Bg7 7.Be3 c5 8.Qd2 Qa5
9.Rb1 a6 10.Rc1 cxd4 11.cxd4 Qxd2+ 12.Kxd2 O-O 13.Nf3 e6 14.Bd3 Nc6 15.Rc4 Rd8
16.h4 Bd7 17.h5 b5 18.Rcc1 Be8 19.e5 Nb4 20.Bg5 Nxd3 21.Kxd3 Rdc8 22.hxg6 fxg6
23.Nd2 Bc6 24.Ne4 b4 25.Nd6 Rc7 26.f3 Bb5+ 27.Nxb5 Rxc1 28.Rxc1 axb5 29.Rc2 Ra3+
30.Ke4 b3 31.axb3 Rxb3 32.Rc8+ Kf7 33.Rc7+ Kf8 34.Be7+ Kg8 35.d5 exd5+ 36.Kxd5 h5
37.Ke6 Rb2 38.Bf6 Bxf6 39.Kxf6 Rxg2 40.e6 Rf2 41.Rc8+ Kh7 42.e7 Rxf3+ 43.Kg5  1-0

[Event "RUS-chT"]
[Site "Podolsk"]
[Date "1992.??.??"]
[Round "?"]
[White "Khalifman, Alexander"]
[Black "Dvoirys, Semen I"]
[Result "1-0"]
[WhiteElo "2625"]
[BlackElo "2515"]

1.d4 Nf6 2.c4 g6 3.Nc3 d5 4.cxd5 Nxd5 5.e4 Nxc3 6.bxc3 Bg7 7.Nf3 c5 8.Rb1 O-O
9.Be2 cxd4 10.cxd4 Qa5+ 11.Bd2 Qxa2 12.O-O Bd7 13.Rxb7 Rc8 14.Bf4 e6 15.Ne5 Bxe5
16.Bxe5 Bc6 17.Re7 Bxe4 18.Bb5 Nc6 19.Bxc6 Bxc6 20.Qc1 Qd5 21.f3 Kf8 22.Qg5 Be8
23.Qf6 Rc2 24.Bf4 Qh5 25.Rxe6  1-0

[Event "RUS-chT"]
[Site "Podolsk"]
[Date "1992.??.??"]
[Round "?"]
[White "Kulikov, Oleg"]
[Black "Polovodin, Igor A"]
[Result "1/2-1/2"]
[WhiteElo "2335"]
[BlackElo "2460"]

1.d4 Nf6 2.c4 g6 3.Nc3 d5 4.cxd5 Nxd5 5.e4 Nxc3 6.bxc3 Bg7 7.Bc4 c5 8.Ne2 O-O
9.O-O Nc6 10.Be3 Bg4 11.f3 Na5 12.Bd3 cxd4 13.cxd4 Be6 14.d5 Bxa1 15.Qxa1 f6
16.Bd2 Bf7 17.Qc3 b6 18.Bh6 Rc8 19.Qb4 Re8 20.Bb5 Qd6 21.Qxd6 exd6 22.Bxe8 Bxe8
23.Rc1 Rxc1+ 24.Bxc1 Kf7 25.Kf2 Nc4 26.Nc3 b5 27.a3 a5 28.Nb1 b4 29.axb4 axb4
30.Nd2 Nxd2  1/2-1/2

[Event "POL-ch"]
[Site "?"]
[Date "1992.??.??"]
[Round "2"]
[White "Panczyk, Krzysztof"]
[Black "Jasnikowski, Zbigniew"]
[Result "1/2-1/2"]
[WhiteElo "2425"]
[BlackElo "2450"]

1.d4 Nf6 2.c4 g6 3.Nc3 d5 4.cxd5 Nxd5 5.e4 Nxc3 6.bxc3 Bg7 7.Be3 c5 8.Nf3 Qa5
9.Bd2 O-O 10.Be2 Nc6 11.O-O Rd8 12.Rb1 cxd4  1/2-1/2

[Event "POL-ch"]
[Site "?"]
[Date "1992.??.??"]
[Round "4"]
[White "Urban, Klaudiusz"]
[Black "Jasnikowski, Zbigniew"]
[Result "1-0"]
[WhiteElo "2465"]
[BlackElo "2450"]

1.d4 Nf6 2.c4 g6 3.Nc3 d5 4.cxd5 Nxd5 5.e4 Nxc3 6.bxc3 Bg7 7.Be3 c5 8.Qd2 Qa5
9.Rb1 a6 10.Rc1 O-O 11.Nf3 Bg4 12.d5 Bxf3 13.gxf3 c4 14.h4 h5 15.Bd4 Bxd4
16.Qxd4 b5 17.Bh3 Qc7 18.e5 Nd7 19.Bxd7 Qxd7 20.Rg1 Rad8 21.Rd1 Qf5 22.Qe4 Qxe4+
23.fxe4 Kg7 24.Ke2 f5 25.f3 fxe4 26.fxe4 Rf4 27.Ke3 Rxh4 28.Rg3 Rf8 29.Rdg1 Rg4
30.Rxg4 hxg4 31.Rxg4 Rf1 32.Kd4 Rf3 33.d6 Kf7 34.Kd5 Rd3+ 35.Kc6 b4 36.cxb4 c3
37.Rg1 c2 38.Rc1 Ke6 39.Rxc2 exd6 40.exd6 Rxd6+ 41.Kc7 Rd4 42.Rc6+ Ke5 43.a3  1-0

[Event "POL-ch"]
[Site "?"]
[Date "1992.??.??"]
[Round "7"]
[White "Czerwonski, Aleksander"]
[Black "Schmidt, Wlodzimierz"]
[Result "0-1"]
[WhiteElo "2370"]
[BlackElo "2465"]

1.d4 Nf6 2.c4 g6 3.Nc3 d5 4.cxd5 Nxd5 5.e4 Nxc3 6.bxc3 Bg7 7.Nf3 c5 8.Rb1 O-O
9.Be2 Qa5 10.O-O Qxa2 11.Bf4 Nd7 12.Qd3 Qa5 13.e5 cxd4 14.cxd4 Nb6 15.Rb5 Qa2
16.d5 Bf5 17.Qd1 Bd7 18.Rc5 Rac8 19.Rxc8 Rxc8 20.e6 fxe6 21.dxe6 Bxe6 22.Ng5 Bb3
23.Qd3 Bc4 24.Qh3 Qxe2  0-1

[Event "POL-ch"]
[Site "?"]
[Date "1992.??.??"]
[Round "10"]
[White "Schmidt, Wlodzimierz"]
[Black "Jasnikowski, Zbigniew"]
[Result "1/2-1/2"]
[WhiteElo "2465"]
[BlackElo "2450"]

1.d4 Nf6 2.c4 g6 3.Nc3 d5 4.cxd5 Nxd5 5.e4 Nxc3 6.bxc3 Bg7 7.Nf3 c5 8.Rb1 O-O
9.Be2 cxd4 10.cxd4 Qa5+ 11.Qd2 Qxd2+ 12.Bxd2 e6 13.O-O b6 14.Rbc1 Bb7 15.Bb4 Rd8
16.Bb5 Bh6 17.Rc7 Na6 18.Rxb7 Nxb4 19.a4 a6 20.Be2 Rdb8 21.Rxb8+ Rxb8 22.Rd1  1/2-1/2

[Event "POL-ch"]
[Site "?"]
[Date "1992.??.??"]
[Round "11"]
[White "Urban, Klaudiusz"]
[Black "Macieja, Bartlomiej"]
[Result "1-0"]
[WhiteElo "2465"]
[BlackElo "2300"]

1.d4 Nf6 2.c4 g6 3.Nc3 d5 4.cxd5 Nxd5 5.e4 Nxc3 6.bxc3 Bg7 7.Nf3 c5 8.Rb1 O-O
9.Be2 Nc6 10.d5 Ne5 11.Nd2 e6 12.f4 Nd7 13.c4 e5 14.f5 gxf5 15.exf5 Qh4+
16.g3 Qh3 17.Bg4 Qg2 18.Qf3 Qxf3 19.Bxf3 e4 20.Bxe4 Re8 21.O-O Bc3 22.Bf3 Nb6
23.g4 Bxd2 24.Bxd2 Nxc4 25.Bf4 Ne5 26.Bxe5 Rxe5 27.d6 Rb8 28.Bc6 Re2 29.d7 Bxd7
30.Bxd7 Rxa2 31.Bc6 b6 32.Rbd1 Rc8 33.f6 h6 34.Bd7 Rd8 35.Rfe1 c4 36.Bf5 Rf8
37.Re5 c3 38.Re3 c2 39.Rc1 Ra5 40.Rxc2 Rd5 41.Rh3 Rfd8 42.Rxh6 Rd1+ 43.Kf2 R1d2+
44.Rxd2 Rxd2+ 45.Ke3 Rd6 46.g5 a5 47.Rh4 Rd5 48.Bh7+ Kf8 49.Rd4 Re5+ 50.Kf4  1-0

[Event "POL-ch"]
[Site "?"]
[Date "1992.??.??"]
[Round "14"]
[White "Przewoznik, Jan"]
[Black "Jasnikowski, Zbigniew"]
[Result "0-1"]
[WhiteElo "2415"]
[BlackElo "2450"]

1.d4 Nf6 2.c4 g6 3.Nc3 d5 4.cxd5 Nxd5 5.e4 Nxc3 6.bxc3 Bg7 7.Bc4 c5 8.Ne2 O-O
9.Be3 Nc6 10.Rc1 Na5 11.Bd3 b6 12.O-O Qc7 13.Nf4 e6 14.Qf3 Nc6 15.Qg3 Bb7
16.dxc5 Ne5 17.cxb6 axb6 18.Bb1 Nc4 19.Bd4 e5 20.Nd5 Bxd5 21.exd5 Qd6 22.Be3 Qxd5
23.Rfd1 Qc6 24.h4 Ra4 25.h5 Nxe3 26.Qxe3 Bf6 27.hxg6 hxg6 28.c4 Rxc4 29.Rxc4 Qxc4
30.Qxb6 Qe2 31.Rd7 Qe1+ 32.Kh2 Kg7 33.Kg3 e4 34.Kf4 e3 35.fxe3 Qf2+ 36.Ke4 Qf5+  0-1

[Event "Rubinstein mem"]
[Site "Polanica Zdroj"]
[Date "1992.??.??"]
[Round "3"]
[White "Chernin, Alexander"]
[Black "Adorjan, Andras"]
[Result "1-0"]
[WhiteElo "2600"]
[BlackElo "2550"]

1.d4 Nf6 2.c4 g6 3.Nc3 d5 4.cxd5 Nxd5 5.e4 Nxc3 6.bxc3 Bg7 7.Nf3 c5 8.Rb1 O-O
9.Be2 cxd4 10.cxd4 Qa5+ 11.Bd2 Qxa2 12.O-O a5 13.d5 Na6 14.Be3 e6 15.d6 Bd7
16.Bb5 Bxb5 17.Rxb5 Qc4 18.Qb1 Nb4 19.Rxb7 Na2 20.Rc7 Qa4 21.e5 Nb4 22.Qe4 Qa2
23.h4 Nd5 24.Rc2 Qb3 25.Nd4 Qa4 26.Rfc1 Rab8 27.Rc4 Rb4 28.Nc6 Qxc6 29.Rxb4 Qxc1+
30.Bxc1 axb4 31.Bb2 Rb8 32.Qd4 Bf8 33.Qa7 Rc8 34.Qb7 Rd8 35.Bd4  1-0

[Event "Rubinstein mem"]
[Site "Polanica Zdroj"]
[Date "1992.??.??"]
[Round "6"]
[White "Dorfman, Josif D"]
[Black "Adorjan, Andras"]
[Result "1/2-1/2"]
[WhiteElo "2610"]
[BlackElo "2550"]

1.d4 Nf6 2.c4 g6 3.Nc3 d5 4.cxd5 Nxd5 5.e4 Nxc3 6.bxc3 Bg7 7.Nf3 c5 8.Rb1 O-O
9.Be2 cxd4 10.cxd4 Qa5+ 11.Bd2 Qxa2 12.O-O a5 13.Bg5 a4 14.Bxe7 Re8 15.Ra1 Qe6
16.Ba3 Qxe4 17.Re1 Bd7 18.Ne5  1/2-1/2

[Event "Ponferrada op"]
[Site "Ponferrada"]
[Date "1992.??.??"]
[Round "?"]
[White "Rodriguez Vargas, Orestes"]
[Black "Morovic Fernandez, Ivan"]
[Result "1/2-1/2"]
[WhiteElo "2455"]
[BlackElo "2565"]

1.d4 Nf6 2.c4 g6 3.Nc3 d5 4.cxd5 Nxd5 5.e4 Nxc3 6.bxc3 Bg7 7.Bc4 c5 8.Ne2 Nc6
9.Be3 O-O 10.O-O Bg4 11.f3 Na5 12.Bb5 cxd4 13.cxd4 Bd7 14.Rb1 Rc8 15.d5 Bxb5
16.Rxb5 a6 17.Rb1 b5 18.Bf2 Rc4 19.Rc1 Ra4 20.Rc2 Nc4 21.Nd4 Bxd4 22.Bxd4 Qa5
23.Rff2 Rd8 24.Qa1 Rc8 25.f4 Qd8 26.f5 Nd6 27.f6 Rxc2 28.Rxc2 exf6 29.Bxf6 Qb6+
30.Kh1 Rxe4 31.h3 Ne8 32.Bb2 Qd6 33.Qd1 Qg3 34.Re2 Nd6 35.Rxe4 Nxe4 36.Qd4 Qe1+
37.Kh2 Qg3+ 38.Kg1 Qe1+ 39.Kh2 Qg3+  1/2-1/2

[Event "Ponferrada op"]
[Site "Ponferrada"]
[Date "1992.??.??"]
[Round "?"]
[White "Cramling, Pia"]
[Black "Vega Holm, Fernando"]
[Result "1-0"]
[WhiteElo "2530"]
[BlackElo "2315"]

1.d4 Nf6 2.c4 g6 3.Nc3 d5 4.cxd5 Nxd5 5.e4 Nxc3 6.bxc3 Bg7 7.Bc4 c5 8.Ne2 Nc6
9.Be3 O-O 10.O-O Bg4 11.f3 Bd7 12.Rb1 Rc8 13.Bd3 Na5 14.Qd2 cxd4 15.cxd4 b5
16.Rfc1 Qb6 17.d5 Qa6 18.Qb4 Nc4 19.Bxc4 Rxc4 20.Qxe7 Qxa2 21.Kf2 Bc8 22.Qxa7 Ra4
23.Qc5 Ba6 24.Rb4 f5 25.Qe7 Rxb4 26.Qxb4 fxe4 27.Qxe4 b4 28.Rc2 Qa4 29.d6 Kh8
30.Bd4 Bb5 31.Rc7  1-0

[Event "Ponferrada op"]
[Site "Ponferrada"]
[Date "1992.??.??"]
[Round "?"]
[White "Cramling, Pia"]
[Black "Fernandez Garcia, Jose L"]
[Result "1/2-1/2"]
[WhiteElo "2530"]
[BlackElo "2465"]

1.d4 Nf6 2.c4 g6 3.Nc3 d5 4.cxd5 Nxd5 5.e4 Nxc3 6.bxc3 Bg7 7.Bc4 c5 8.Ne2 O-O
9.O-O Nc6 10.Be3 Bg4 11.f3 Bd7 12.Rb1 Rc8 13.Bd3 e5 14.d5 Na5 15.Qd2 Qe7
16.f4 exf4 17.Bxf4 Be5 18.Kh1 f6 19.Ng1 Bxf4 20.Qxf4 Qe5 21.Qxe5 fxe5 22.Rxf8+ Rxf8
23.Nf3 Re8 24.Kg1 Ba4 25.Kf2 Kg7 26.Ke3 h6 27.Nd2 Rf8 28.Nf3 Re8 29.Be2 Bd7
30.h3 Kf6 31.Rf1 Kg7 32.Nd2 Re7 33.Rb1 Re8 34.Rf1 Re7 35.Nc4 Nxc4+ 36.Bxc4 Rf7
37.Rb1 b6 38.Ba6 Kf8 39.Bc4 Rf6 40.Bb5 Bxb5 41.Rxb5 Rf1 42.Rb2 Ke7  1/2-1/2

[Event "Porz"]
[Site "Porz"]
[Date "1992.??.??"]
[Round "9"]
[White "Chuchelov, Vladimir"]
[Black "Grimm, Sascha"]
[Result "1-0"]
[WhiteElo "2490"]
[BlackElo "2325"]

1.d4 Nf6 2.c4 g6 3.Nc3 d5 4.cxd5 Nxd5 5.e4 Nxc3 6.bxc3 Bg7 7.Bb5+ c6 8.Ba4 O-O
9.Ne2 b5 10.Bb3 a5 11.O-O a4 12.Bc2 Nd7 13.f4 f5 14.exf5 gxf5 15.Ng3 Nb6
16.Nh5 Bh8 17.Rf3 Nc4 18.Rg3+ Kf7 19.Rh3 Qd5 20.Ng3 Kg8 21.Rh5 e6 22.Rg5+ Bg7
23.Nh5 Ra7 24.Bd3 h6 25.Rg3 Kh7 26.Qg4 Qd7 27.Qg6+ Kh8 28.Nxg7 Qxg7 29.Qh5  1-0

[Event "Prague DDM-B"]
[Site "Prague"]
[Date "1992.??.??"]
[Round "1"]
[White "Touzane, Olivier"]
[Black "Krupkova, Petra"]
[Result "1-0"]
[WhiteElo "2205"]
[BlackElo "2200"]

1.d4 Nf6 2.c4 g6 3.Nc3 d5 4.cxd5 Nxd5 5.e4 Nxc3 6.bxc3 Bg7 7.Nf3 c5 8.Rb1 O-O
9.Be2 cxd4 10.cxd4 Qa5+ 11.Bd2 Qxa2 12.O-O a5 13.Bg5 Qe6 14.Qc2 h6 15.Bc4 Qd7
16.Bb5 Qd8 17.Bf4 Na6 18.d5 e6 19.Rfd1 Nb4 20.Qa4 exd5 21.Rxb4 axb4 22.Qxa8 b3
23.Qa3 b2 24.e5 g5 25.Bg3 f5 26.exf6 Bxf6 27.Ne5 h5 28.h3 h4 29.Bh2 Qb6 30.Qxb2 Re8
31.Qc2 Qxb5 32.Qg6+ Bg7 33.Qf7+ Kh7 34.Nf3 d4 35.Nxg5+ Qxg5 36.Qxe8 Bxh3
37.Qe4+ Bf5 38.Qxb7 Qf6 39.Re1 d3 40.Be5 Qg6 41.Bxg7  1-0

[Event "CSR-ch"]
[Site "Prague"]
[Date "1992.??.??"]
[Round "3"]
[White "Chloupek, Stanislav"]
[Black "Pribyl, Josef"]
[Result "1/2-1/2"]
[WhiteElo "2300"]
[BlackElo "2415"]

1.d4 Nf6 2.c4 g6 3.Nc3 d5 4.cxd5 Nxd5 5.e4 Nxc3 6.bxc3 Bg7 7.Nf3 c5 8.Rb1 b6
9.Be2 O-O 10.O-O Bb7 11.Qd3 Ba6 12.Qe3 cxd4 13.cxd4 Qd7 14.Ba3 Rd8 15.d5 e6
16.Rfd1 Bxe2 17.Qxe2 exd5 18.Rxd5 Qe8 19.Rxd8 Qxd8 20.Rd1 Qe8 21.Bb2 Bxb2
22.Qxb2 Nd7 23.e5 Nc5 24.h4 Rd8 25.Rxd8 Qxd8 26.h5 a6 27.Qb4 gxh5 28.Qf4 Ne6
29.Qf5 Qd5 30.Ng5 Nxg5 31.Qxg5+ Kf8 32.Qh6+  1/2-1/2

[Event "CSR-ch"]
[Site "Prague"]
[Date "1992.??.??"]
[Round "7"]
[White "Spacek, Petr"]
[Black "Pribyl, Josef"]
[Result "1/2-1/2"]
[WhiteElo "2395"]
[BlackElo "2415"]

1.d4 Nf6 2.c4 g6 3.Nc3 d5 4.cxd5 Nxd5 5.e4 Nxc3 6.bxc3 Bg7 7.Be3 c5 8.Qd2 Nd7
9.Nf3 O-O 10.Bd3 e5 11.Rd1 cxd4 12.cxd4 exd4 13.Nxd4  1/2-1/2

[Event "Bohemians-B"]
[Site "Prague"]
[Date "1992.??.??"]
[Round "8"]
[White "Danner, Georg"]
[Black "Konopka, Michal"]
[Result "1-0"]
[WhiteElo "2355"]
[BlackElo "2380"]

1.d4 Nf6 2.c4 g6 3.Nc3 d5 4.cxd5 Nxd5 5.e4 Nxc3 6.bxc3 Bg7 7.Nf3 c5 8.Rb1 O-O
9.Be2 Qa5 10.Rb5 Qxc3+ 11.Bd2 Qa3 12.Ra5 Qb2 13.Rxc5 Nc6 14.d5 Nd4 15.Nxd4 Qxd4
16.Rc4 Qb2 17.O-O e6 18.Bb4 exd5 19.Bxf8 dxc4 20.Bxg7 Kxg7 21.Bxc4 b5 22.Bxf7 b4
23.Bd5 Rb8 24.Qf3 Qf6 25.Qg3 Qb6 26.Rc1 Bd7 27.Qe5+ Kh6 28.h4 Qd8 29.Rc7 Rc8
30.Qg5+  1-0

[Event "Bohemians-B"]
[Site "Prague"]
[Date "1992.??.??"]
[Round "10"]
[White "Gaertner, Guntram"]
[Black "Konopka, Michal"]
[Result "1/2-1/2"]
[WhiteElo "2250"]
[BlackElo "2380"]

1.d4 Nf6 2.c4 g6 3.Nc3 d5 4.cxd5 Nxd5 5.e4 Nxc3 6.bxc3 Bg7 7.Bc4 O-O 8.Ne2 b6
9.O-O Bb7 10.f3 Nc6 11.Be3 Qd7 12.Rb1 Rfd8 13.Qc1 e5 14.Rd1 Na5 15.Bd3 Qe7
16.Bg5 f6 17.Be3 Qf7 18.d5 c6 19.c4 Rac8 20.Qd2 Ba6 21.c5 Nc4 22.Bxc4 Bxc4
23.cxb6 cxd5 24.exd5 axb6 25.d6 b5 26.Nc3 Bf8 27.Ne4 f5 28.d7 Rc7 29.Bg5 Be7
30.Nd6 Qe6 31.Bxe7 Qxe7 32.Nxc4 Rcxd7 33.Qe2 Rxd1+ 34.Rxd1 Rxd1+ 35.Qxd1 Qc5+
36.Ne3 Qxe3+ 37.Kf1 Qc5 38.Qd8+ Kg7 39.Qd7+ Kh6 40.Qd2+ g5 41.g3 Qc4+ 42.Kg2 Kh5
43.h3 Qe6 44.g4+ Kg6 45.gxf5+ Qxf5 46.Qd5 Qc2+ 47.Kg3 Qc7 48.Qg8+ Kh5 49.Qe8+ Kh6
50.Qf8+ Kg6 51.Qg8+ Kf6 52.Qf8+ Qf7 53.Qd6+ Qe6 54.Qd8+ Kg6 55.Qd3+ Kg7 56.Qxb5 h5
57.Qb2 h4+ 58.Kg2 Qf5 59.Qb7+  1/2-1/2

[Event "CRO-Cup"]
[Site "Pula"]
[Date "1992.??.??"]
[Round "2"]
[White "Mazuran, Marijan"]
[Black "Rogulj, Branko"]
[Result "0-1"]
[WhiteElo "2225"]
[BlackElo "2435"]

1.d4 Nf6 2.c4 g6 3.Nc3 d5 4.cxd5 Nxd5 5.e4 Nxc3 6.bxc3 Bg7 7.Be3 O-O 8.Qd2 e5
9.Nf3 exd4 10.cxd4 Re8 11.e5 c5 12.dxc5 Qxd2+ 13.Bxd2 Nc6 14.Bb5 Nxe5 15.O-O Nxf3+
16.gxf3 Rd8 17.Rad1 Bh3 18.Rfe1 Rxd2 19.Rxd2 Bc3 20.Rdd1 Bxe1 21.Rxe1 Rc8
22.Rc1 Kf8 23.f4 Ke7 24.Bf1 Bxf1 25.Kxf1 Rc7 26.Kg2 b5 27.Kf3 Kd7 28.Ke4 Kc6
29.Ke5 Re7+ 30.Kf6 Re4 31.f5 Rf4 32.Kxf7 Rxf5+ 33.Kg7 Rxf2 34.Kxh7 Rxh2+
35.Kxg6 Rxa2 36.Kf5 Re2 37.Ra1 Re7 38.Kf6  0-1

[Event "CRO-Cup"]
[Site "Pula"]
[Date "1992.??.??"]
[Round "5"]
[White "Fajdetic, Hrvoje"]
[Black "Rogulj, Branko"]
[Result "0-1"]
[WhiteElo "2245"]
[BlackElo "2435"]

1.d4 Nf6 2.c4 g6 3.Nc3 d5 4.cxd5 Nxd5 5.e4 Nxc3 6.bxc3 Bg7 7.Ba3 Nd7 8.Nf3 c5
9.Qb3 O-O 10.Rd1 cxd4 11.cxd4 Nf6 12.Bd3 Bg4 13.Qxb7 Bxf3 14.gxf3 Qxd4 15.O-O Qe5
16.Bxe7 Rfb8 17.Bxf6 Qxf6 18.Qc7 Bh6 19.Qg3 Bf4 20.Qg4 Rc8 21.h4 Rc5 22.Kg2 h5
23.Qh3 Rd8 24.Bb1 Bd2 25.Kh1 Rc3 26.Kg2 a5 27.Qg3 Rd4 28.e5 Qc6 29.e6 Rxf3
30.Qb8+ Kh7 31.Bxg6+ fxg6  0-1

[Event "Reggio Emilia9293"]
[Site "Reggio Emilia"]
[Date "1992.??.??"]
[Round "5"]
[White "Arlandi, Ennio"]
[Black "Sarno, Spartaco"]
[Result "1-0"]
[WhiteElo "2435"]
[BlackElo "2430"]

1.d4 Nf6 2.c4 g6 3.Nc3 d5 4.cxd5 Nxd5 5.e4 Nxc3 6.bxc3 Bg7 7.Bb5+ c6 8.Ba4 b5
9.Bb3 b4 10.Ne2 bxc3 11.Be3 Qa5 12.Rc1 Ba6 13.Nxc3 Nd7 14.e5 Nb6 15.Bd2 Nc4
16.Ne4 Nxd2 17.Qxd2 Qxd2+ 18.Nxd2 Rd8 19.Rxc6 Bd3 20.Nf3 Be4 21.Rc4 O-O 22.Ke2 Bxf3+
23.Kxf3 e6 24.Ke4 Rd7 25.f4 Rb8 26.Rhc1 Bf8 27.Rc7 Rb7 28.Rxd7 Rxd7 29.d5 exd5+
30.Bxd5 Kg7 31.g4 Ba3 32.Rc3 Bb4 33.Rc4 Ba5 34.f5 gxf5+ 35.gxf5 Rc7 36.Ra4 Bb6
37.Ra3 Rc2 38.f6+ Kf8 39.Rh3 Re2+ 40.Kf4 Rf2+ 41.Bf3 Kg8 42.Rg3+ Kf8 43.Rg7 h6
44.Rh7 Kg8 45.Rxh6 Bd4 46.Rh5 Rxa2 47.Rg5+ Kf8 48.h4 Bc3 49.Rh5 Kg8 50.Bd5 Ra4+
51.Kf5 Rd4 52.Bxf7+ Kxf7 53.e6+ Kg8 54.f7+  1-0

[Event "Reykjavik"]
[Site "Reykjavik"]
[Date "1992.??.??"]
[Round "11"]
[White "Petursson, Margeir"]
[Black "Conquest, Stuart"]
[Result "1-0"]
[WhiteElo "2555"]
[BlackElo "2485"]

1.c4 g6 2.d4 Nf6 3.Nc3 d5 4.cxd5 Nxd5 5.e4 Nxc3 6.bxc3 Bg7 7.Nf3 O-O 8.Be2 b6
9.O-O Bb7 10.Qd3 Qd7 11.Bf4 Nc6 12.Rad1 Na5 13.d5 e6 14.c4 Rfe8 15.Be5 f5
16.exf5 exf5 17.Bxg7 Qxg7 18.Rfe1 Ba6 19.Qc2 Nb7 20.Ng5 Nc5 21.Bf3 Bb7 22.h4 Re7
23.Rxe7 Qxe7 24.Qc3 Re8 25.Ne6 Ba8 26.Re1 Nb7 27.h5 Nd6 28.h6 Bb7 29.Re3 Rb8
30.Ng5 Qf8 31.g3 Re8 32.Rxe8 Nxe8 33.Qe5 Nd6 34.Qe6+ Kh8 35.Qd7  1-0